Ecology of cryptic coral reef communites. I. Distribution and abundance of major groups of encrusting organisms (Registro nro. 9527)
[ vista simple ]
| 000 -CABECERA | |
|---|---|
| Campo de control | 006140000a22001810004500 |
| 090 ## - CLASIFICACIÓN LOCAL | |
| Colección | AR |
| Consecutivo | 00431 |
| 041 0# - IDIOMA | |
| Código de idioma para texto/pista de sonido o título separado | |
| 100 1# - ASIENTO PRINCIPAL--NOMBRE PERSONAL | |
| Nombre personal | Jackson, Jeremy B.C. |
| 245 10 - MENCION DE TITULO | |
| Título | Ecology of cryptic coral reef communites. I. Distribution and abundance of major groups of encrusting organisms |
| 650 14 - ASIENTO SECUNDARIO DE MATERIA - TERMINO TEMATICO | |
| Término temático o nombre geográfico como elemento de entrada | Ecosistemas coralinos |
| 650 14 - ASIENTO SECUNDARIO DE MATERIA - TERMINO TEMATICO | |
| Término temático o nombre geográfico como elemento de entrada | Riqueza de especies |
| 650 14 - ASIENTO SECUNDARIO DE MATERIA - TERMINO TEMATICO | |
| Término temático o nombre geográfico como elemento de entrada | Distribución |
| 650 14 - ASIENTO SECUNDARIO DE MATERIA - TERMINO TEMATICO | |
| Término temático o nombre geográfico como elemento de entrada | Biología marina |
| 651 #4 - ASIENTO SECUNDARIO DE MATERIA - NOMBRE GEOGRAFICO | |
| -- | Río Bueno |
| -- | Jamaica |
| 700 1# - ASIENTO SECUNDARIO - NOMBRE PERSONAL | |
| Nombre personal | Winston, J. E. |
| 773 1# - Item fuente: | |
| Título | Journal Exp. Mar. Biol. Ecol. |
| Especificación de materiales | 173 |
| Descripción física | 57 |
| Paginas del Articulo | 135-147 |
| Lugar, editorial y fecha de publicación | 1982 |
| 942 ## - ELEMENTOS ADICIONALES (KOHA) | |
| Tipo de ítem | Artículo |
| Withdrawn status | Lost status | Damaged status | No para préstamo | Colección | Ubicación Permanente | Ubicación actual | Fecha de adquisición | Datos de publicación Seriada | Total Checkouts | Número topográfico | Inventario / Código de Barras | Date last seen | Ejemplar | Price effective from | Forma de adquisición | Tipo de material |
|---|---|---|---|---|---|---|---|---|---|---|---|---|---|---|---|---|
| No para Préstamo | Hemeroteca | Bogotá | Bogotá | 27/02/2015 | Fuera de circulación | AR 00431 | 010708 | 25/03/2015 | 1 | 25/03/2015 | Artículo |